|
|
|
|
| LEADER |
00974nam a22002057a 4500 |
| 100 |
|
|
|a അപ്പയ്യ ദീക്ഷിക൪;
|9 69712
|
| 100 |
|
|
|a Appayya Deekshithar
|9 69713
|
| 240 |
|
|
|a Kuvalayanandam; Rhetoric
|
| 245 |
|
|
|a കുവലയാനന്ദം;
|b അലങ്കാരശാസ്ത്രം
|
| 250 |
|
|
|a 1st
|
| 260 |
|
|
|b Savithri Devi;
|c 1974
|
| 300 |
|
|
|a 186p.
|
| 650 |
|
|
|a മലയാളം;
|9 70705
|
| 650 |
|
|
|a Malayalam;
|9 70706
|
| 700 |
|
|
|a സി വി വാസുദേവഭട്ടതിരി, വിവ.
|9 57800
|
| 700 |
|
|
|a C V Vasudeva Bhattathiri, Tr.
|9 57801
|
| 942 |
|
|
|c BK
|
| 999 |
|
|
|c 45221
|d 45221
|
| 952 |
|
|
|0 0
|1 0
|4 0
|6 494_812500000000000_AYA_K_L4
|7 0
|8 PROC
|9 52572
|a MAL
|b MAL
|d 2015-11-16
|e 16938
|g 6.25
|l 0
|o 494.8125 AYA/K L4
|p MAL016938
|r 2015-11-16
|t 1
|w 2015-11-16
|y BK
|
| 952 |
|
|
|0 0
|1 0
|4 0
|6 494_812500000000000_AYA_K_L41
|7 0
|8 PROC
|9 52573
|a MAL
|b MAL
|d 2015-11-17
|e R17871
|g 6.25
|l 0
|o 494.8125 AYA/K L4;1
|p MALR017571
|r 2015-11-17
|t 2
|w 2015-11-17
|y BK
|